La Iglesia en el mundo (Record no. 178588)

MARC details
000 -LEADER
campo de control de longitud fija 01132nam a2200277 i 4500
001 - NÚMERO DE CONTROL
campo de control 178588
003 - IDENTIFICADOR DE NÚMERO DE CONTROL
campo de control ES-MaACL
005 - FECHA Y HORA DE LA ÚLTIMA TRANSACCIÓN
campo de control 20250831073546.0
008 - DATOS DE LONGITUD FIJA--INFORMACIÓN GENERAL
campo de control de longitud fija 110608s2011 sp | |||||||| | spa d
020 ## - NÚMERO INTERNACIONAL ESTÁNDAR DEL LIBRO
Número Internacional Estándar del Libro 978-84-220-1516-1
080 ## - NÚMERO DE LA CLASIFICACIÓN DECIMAL UNIVERSAL
Número de la Clasificación Decimal Universal 266
110 2# - ENTRADA PRINCIPAL--NOMBRE DE ENTIDAD CORPORATIVA
Nombre de entidad corporativa o nombre de jurisdicción como elemento de entrada Iglesia Católica.
Unidad subordinada Papa (1978-2005: Juan Pablo II)
9 (RLIN) 4667
245 13 - MENCIÓN DEL TÍTULO
Título La Iglesia en el mundo
Resto del título : exhortaciones apostólicas postsinodales de los cinco continentes /
Mención de responsabilidad, etc. introducción general de Nikola Eterovic ; presentación de Francisco Pérez González y Ramón del Hoya López ; Obras Misionales Pontificias (ed.).
260 ## - PUBLICACIÓN, DISTRIBUCIÓN, ETC.
Lugar de publicación, distribución, etc. Madrid :
Nombre del editor, distribuidor, etc. Biblioteca de Autores Cristianos,
Fecha de publicación, distribución, etc. 2011.
300 ## - DESCRIPCIÓN FÍSICA
Extensión XVII, 505 p. ;
Dimensiones 20 cm.
490 1# - MENCIÓN DE SERIE
Mención de serie Biblioteca de autores cristianos ;
Designación de volumen o secuencia 692
500 ## - NOTA GENERAL
Nota general Índice.
650 04 - PUNTO DE ACCESO ADICIONAL DE MATERIA--TÉRMINO DE MATERIA
Término de materia o nombre geográfico como elemento de entrada Evangelización.
9 (RLIN) 12617
700 1# - ENTRADA AGREGADA--NOMBRE PERSONAL
Nombre de persona Eterovic, Nikola.
9 (RLIN) 146987
700 1# - ENTRADA AGREGADA--NOMBRE PERSONAL
Nombre de persona Pérez González, Francisco.
9 (RLIN) 141559
700 1# - ENTRADA AGREGADA--NOMBRE PERSONAL
Nombre de persona Hoyo y López, Ramón del.
9 (RLIN) 146988
710 2# - ENTRADA AGREGADA--NOMBRE DE ENTIDAD CORPORATIVA
Nombre de entidad corporativa o nombre de jurisdicción como elemento de entrada Obras Misionales Pontificias de España.
9 (RLIN) 141560
830 00 - PUNTO DE ACCESO ADICIONAL DE SERIE-TÍTULO UNIFORME
Título uniforme Biblioteca de autores cristianos
Designación de volumen o secuencia 692
9 (RLIN) 178679
852 1# - LOCALIZACIÓN
Ubicación BA
Número de control de estantería J-680
Holdings
Estatus retirado Estado de pérdida Estado de daño No para préstamo Biblioteca de origen Biblioteca actual Ubicación en estantería Fecha de adquisición Fuente de adquisición Total de préstamos Signatura topográfica completa Código de barras Visto por última vez Precio de reemplazo Tipo de ítem Koha
        Biblioteca del Ateneo de Madrid Biblioteca del Ateneo de Madrid Depósito 2 08/06/2011     J-680 1187596 23/02/2023 23/02/2023 Libro impreso